| 000 | 01138cad a22002055a 4500 | ||
|---|---|---|---|
| 001 | L152191 | ||
| 008 | 110209e20110121xxk f 000 0 eng d | ||
| 035 | _a(Sirsi) u152191 | ||
| 041 | 0 | _aeng | |
| 110 | 2 |
_aFederation of Master Builders _9465 |
|
| 245 | 0 | 0 |
_aConstruction workloads enter fourth year of decline, warns Federation of Master Builders _h[electronic resource] |
| 260 | _c2011 | ||
| 490 |
_aFederation of Master Builders Press Release _v21 January 2011 |
||
| 520 | _aThe SME (Small to Medium-sized Enterprise) construction sector is to set to begin a fourth year of falling workloads and a third of companies are expecting to cut their staffing levels this year, according to the latest State of Trade Survey from the Federation of Master Builders (FMB), the largest trade association in the UK construction industry. | ||
| 590 | _aKA | ||
| 651 | 4 |
_aUnited Kingdom _y |
|
| 690 | _aBUILT ENVIRONMENT-CONSTRUCTION MARKET | ||
| 856 | 4 | 0 |
_uhttps://www.fmb.org.uk/news/press-releases/2011/january/construction-workloads-enter-fourth-year-of-decline-warns-fmb210111/ _zView the item free of charge at www.fmb.org.uk |
| 942 | _n0 | ||
| 999 |
_c82907 _d82907 |
||